000 00765nam a22002297a 4500
003 UA-OsUOA
001 67543
007 ta
008 20100302b un ||||| |||| 00| 0 ukr d
090 _a349.444
_bЖ74
942 _cBK
040 _aUA-OsUOA
_bukr
_cUA-OsUOA
_dUA-OsUOA
245 _aЖитлове законодавство України: стан та шляхи удосконалення
_bмонографія
_cза заг. ред. Галянтича М. К.
300 _a564 с.
955 _a1
041 _aukr
080 _a349.444
020 _a978-966-2003-00-0
260 _aК.
_bККВІЦ
_c2006
650 7 _a349.4 Земельне право. Право планування населенних пунктів
_2UDC
999 _c353461
_d353461